Statistieken voor Zoek het woord #1

Klik hier om de quiz te nemen!

Algemene statistieken

  • Deze quiz is 41 keer genomen
  • De gemiddelde score is 7 van 15

Antwoordstatistieken

HintAntwoord% Correct
Een groente;
Ook peen genoemd
Wortel
90%
Zwart-wit;
Camouflage;
Strepen
Zebra
90%
Verschillende soorten;
Cafeïne;
Grootste productie in Brazilië, Vietnam en Colombia
Koffie
81%
Meerdaagse periode;
Vrij
Vakantie
74%
Taalkundige benoeming;
De, het en een
Lidwoord
71%
Landbouw;
Vervanging paard
Tractor
65%
Actualiteit;
Informatie;
Gebeurtenissen
Nieuws
61%
Verf;
Kunst;
Doek
Schilderij
55%
Audio-uitzending;
Verschillende onderwerpen
Podcast
39%
Zonnescherm;
Voorwerp;
Bescherming
Parasol
29%
Natuurlijk systeem;
Organismen in bepaald gebied;
Planten, dieren, bacteriën en schimmels
Ecosysteem
19%
Lichtdichte ruimte;
Lichtgevoelig materiaal;
Rood licht
Donkere kamer
13%
Beeldmerk;
Grafische uiting
Logo
10%
Verschillende merken;
Games;
Draagbaar en niet draagbaar
Spelconsole
10%
Uitgestorven;
4.3-2 miljoen jaar geleden;
Lucy
Australopithecus
3%

Scoreverdeling

Percentiel versus Aantal Correcte Antwoorden

Procent van Mensen met Elke Score

Uw Scoregeschiedenis

U heeft deze quiz nog niet genomen